Introduction to business data processing

Bibliographic Details
Main Author: Orilia
Format: Book
Published: New York : McGraw-Hill Book Company , 1982
Subjects:

MARC

LEADER 00000cam a2200000 7i4500
001 0000008014
002 000008748
005 20000330.0
020 |a 007047835X 
090 0 0 |a 004   |b ORI 
100 1 |a Orilia 
245 1 0 |a Introduction to business data processing   |c Orilia 
260 |a New York :   |b McGraw-Hill Book Company ,   |c 1982 
300 |a 703 p. ;   |c 24 cm. 
650 0 0 |a Business   |x Data processing 
650 0 0 |a xnectronic data processing 
999 |a 0020712   |b BUKU   |c PINJAMAN   |e PERPUSTAKAAN KOMUNITI PETALING JAYA 
999 |a 020711   |b BUKU   |c PINJAMAN   |e PERPUSTAKAAN KOMUNITI PETALING JAYA 
999 |a 020712   |b BUKU   |c PINJAMAN   |e PERPUSTAKAAN KOMUNITI PETALING JAYA